00567 2200217 4500001002100000005001500021035002000036245008100056100001800137250000600155300004500161856000600206700000600212260004400218082001100262084001700273020001800290600001800308520000600326990001700332INLIS00000000003663420240801023827 a0010-08240000301 aSeri mengenal rukun islam :bMenegakkan agama dengan shalat /cPutra perdana0 aPutra perdana a- a24 halaman :bilustrasi ;c20 x 19 cme- a-0 a- aSolo :bLingkar Media,ctidak diketahui a400.42 a400.42 PUT s a9786237868309 4aPutra perdana a- a57506 / Hasn